| 000 | 01283njm a22002897a 4500 | ||
|---|---|---|---|
| 005 | 20100901115333.0 | ||
| 006 | a|||||r|||||00| 0 | ||
| 007 | sd ammalaaahaa | ||
| 008 | 100901t xxu||||| |||| 00| 0 eng d | ||
| 028 |
_a45-AE.1439 _bAngel Records |
||
| 035 | _aGR-01995 | ||
| 040 |
_aSED _cSED |
||
| 100 |
_aMangeshkar, Lata _917891 |
||
| 245 |
_aMaa Aur Mamta / _cby Lata Mangeshkar ; music by Laxmikant Pyarelal ; lyrices by Anand Bakshi _h[Sound recording] |
||
| 246 | _aमाँ और ममता / लता मंगेशकर | ||
| 260 |
_aDUM DUM, India _bAngel Records _c1969 |
||
| 300 |
_a1 Sound disc [Gramophone Recording] : _banalog, 33 1/3 rpm _c7 in. (SP) _fGramophone Record |
||
| 500 | _aBrief record | ||
| 500 | _aRecord Labels : Angel Records, Bruan | ||
| 505 | _aSide-1 बात यह अनोखी (Baat yeh anokhi) (Lata Mangeshkar)--Side-2 तेरे प्यार ने यह कम किया (Tere pyar ne yeh kam kiya) (Mohammad Rafi & Asha Bhosle) | ||
| 600 | _2Mangeshkar, Lata | ||
| 650 |
_aClassical music _xExcerpts _zIndia _917892 |
||
| 700 |
_919683 _aLaxmikant Pyarelal |
||
| 700 |
_aBakshi, Anand _919708 |
||
| 942 |
_2ddc _cGR |
||
| 999 |
_c45423 _d45423 |
||